书目信息 |
| 题名: |
郎咸平说
|
|
| 作者: | 郎咸平 , 马行空 著 | |
| 分册: | ||
| 出版信息: | 北京 东方出版社 2016 |
|
| 页数: | 232页 | |
| 开本: | 24cm | |
| 丛书名: | ||
| 单 册: | ||
| 中图分类: | F832.48 | |
| 科图分类: | ||
| 主题词: | 投资--tou zi--研究--中国 | |
| 电子资源: | ||
| ISBN: | 978-7-5060-8733-9 | |
| 000 | 00988nam0 22002531 450 | |
| 001 | 0102093623 | |
| 005 | 20170402093623.0 | |
| 010 | @a978-7-5060-8733-9@dCNY39.00 | |
| 100 | @a20151229d2016 em y0chiy50 ea | |
| 101 | 0 | @achi |
| 102 | @aCN@b110000 | |
| 105 | @aak z 000yy | |
| 106 | @ar | |
| 200 | 1 | @a郎咸平说@Alang xian ping shuo@e你的投资机会在哪里@f郎咸平, 马行空 |
| 210 | @a北京@c东方出版社@d2016 | |
| 215 | @a232页@c图@d24cm | |
| 330 | @a本期“郎咸平说”从你的投资机会在哪里,这样一个具有时效性的话题展开。当下,中国经济发展步入新常态,我们必须开始接受GDP一降再降,股市陷入动荡,楼市陷入低迷,整体经营环境不容乐观,大部分投资者已陷入迷茫期,面对这样一个经济大环境,我们需要深入分析问题。 | |
| 517 | 1 | @a你的投资机会在哪里@Ani de tou zi ji hui zai na li |
| 606 | 0 | @a投资@Atou zi@x研究@y中国 |
| 690 | @aF832.48@v5 | |
| 701 | 0 | @a郎咸平@Alang xian ping@4著 |
| 701 | 0 | @a马行空@Ama hang kong@4著 |
| 801 | 0 | @aCN@bTANGWEI@c20170308 |
| 905 | @b0964290-3@dF832.48@e149@f4 | |
| 郎咸平说:你的投资机会在哪里/郎咸平, 马行空.-北京:东方出版社,2016 |
| 232页:图;24cm |
| ISBN 978-7-5060-8733-9:CNY39.00 |
| 本期“郎咸平说”从你的投资机会在哪里,这样一个具有时效性的话题展开。当下,中国经济发展步入新常态,我们必须开始接受GDP一降再降,股市陷入动荡,楼市陷入低迷,整体经营环境不容乐观,大部分投资者已陷入迷茫期,面对这样一个经济大环境,我们需要深入分析问题。 |
| ● |
| 相关链接 |
|
|
|
|
正题名:郎咸平说
索取号:F832.48/149
 
预约/预借
| 序号 | 登录号 | 条形码 | 馆藏地/架位号 | 状态 | 备注 |
| 1 | 0964290 | 209642902 | 第一样本阅览室/ [索取号:F832.48/149] | 在馆 | |
| 2 | 0964291 | 209642911 | 密集书库-海洋学院/ [索取号:F832.48/149] | 在馆 | |
| 3 | 0964292 | 209642920 | 第一借阅区/ [索取号:F832.48/149] | 在馆 | |
| 4 | 0964293 | 209642939 | 第一借阅区/ [索取号:F832.48/149] | 在馆 |